000 01202nam a22003977a 4500
001 BR7802645
003 BR-BrBNA
005 20230928085600.0
007 ta
008 230509b bl.||||| |||| 00| 0 por d
040 _aBR-BrBNA
_bpor
_cBiblioteca Nacional de Agricultura
041 _a(Por)
072 _aF60; F25
_b0150
_b3575
_b3820
_b3830
_b3810
_b3866
_b/G514
090 _ 0150 BR7802645
100 1 _aCavalcante, J.I.V.
110 1 _aEscola Superior de Agricultura de Lavras, MG (Brasil)
_0Tese (Mestrado)
245 1 _aInfluencia do nitrogenio, fosforo, potassio e zinco na germinacao a vigor de sementes de arroz (Oryza sativa L.)[Brasil]
260 3 _aLavras, MG (Brasil):
_c1978.
300 _a52 p.
500 _a13 tables; Summaries (Eng, Por); 45 ref.
650 _aArroz
650 _aSemente
650 _aGerminacao
650 _aCrescimento
650 _aAdubacao
650 _aFertilizante nitrogenado
650 _aZinco
650 _aNutricao vegetal
650 _aFertilizante potassico
650 _aFertilizante fosfatado
650 _aNitrogenio
650 _aFosforo
650 _aPotassio
909 _a202309
_bLucia
_c55
_dLucia Elande
942 _cBK
999 _c25210
_d25210